000 00438nam a2200181Ia 4500
001 12407
005 20260306162939.0
008 260306t2024||||xx |||||||||||||| ||spa||
041 _aESP
082 _aHR 345.2
_bT. 10 ENE-JUN 2024 GLP
110 _aGaceta Jurídica
245 0 _aGaceta de litigación penal
260 _c2024
300 _a184 páginas :
_c24 cm.
650 _aGEN
654 _aCDE
942 _cREV
_dJUS
_fJUS
_2ddc
_n
999 _c12407
_d12407